[Event "CFriend RL-2005-0-00040 email"]
[Site "Chessfriend.com"]
[Date "2005.10.31"]
[Round "1"]
[White "Cornacchini, Gabriele"]
[Black "Wojohn, Tripp"]
[Result "1-0"]
[WhiteElo "1549"]
[BlackElo "800"]
[PlyCount "51"]
[EventDate "2005.10.31"]
[EventType "tourn (corr)"]
[EventRounds "6"]
[SourceTitle "Corr 2008"]
[Source "ChessBase"]
[SourceDate "2008.06.24"]
[SourceVersion "1"]
[SourceVersionDate "2008.06.24"]
[SourceQuality "1"]

1. e4 e5 2. Nf3 d5 3. Nxe5 dxe4 4. Bb5+ Bd7 5. Qe2 Qe7 6. Nxd7 Nxd7 7. Bxd7+ Qxd7 8. Qxe4+ Qe7 9. Nc3 Nf6 10. Qxe7+ Bxe7 11. d3 0-0-0 12. Be3 Rhe8 13. Kd2 Bb4 14. f3 Nd5 15. Rae1 Nxe3 16. Rxe3 Rxe3 17. Kxe3 Bxc3 18. bxc3 Rd5 19. Rb1 Rh5 20. h3 Re5+ 21. Kd2 Rg5 22. g4 Ra5 23. Rb2 b5 24. h4 Kd7 25. f4 Ke6 26. Ke3 1-0

[Event "CFriend RL-2005-0-00040 email"]
[Site "Chessfriend.com"]
[Date "2005.10.31"]
[Round "1"]
[White "Feng, Jason"]
[Black "Wojohn, Tripp"]
[Result "1-0"]
[WhiteElo "1432"]
[BlackElo "800"]
[PlyCount "67"]
[EventDate "2005.10.31"]
[EventType "tourn (corr)"]
[EventRounds "6"]
[SourceTitle "Corr 2008"]
[Source "ChessBase"]
[SourceDate "2008.06.24"]
[SourceVersion "1"]
[SourceVersionDate "2008.06.24"]
[SourceQuality "1"]

1. e4 e5 2. f4 Nc6 3. Nf3 d5 4. exd5 Nb4 5. fxe5 Bf5 6. Bb5+ Ke7 7. d3 c6 8. dxc6 Qb6 9. cxb7 Rd8 10. Nc3 a6 11. Bc4 Be6 12. Bxe6 Kxe6 13. Ng5+ Ke7 14. a3 h6 15. axb4 Qxb7 16. Qf3 Qxf3 17. Nxf3 Ke8 18. b5 axb5 19. Nxb5 Bc5 20. d4 Be7 21. c4 Rc8 22. b3 g5 23. d5 g4 24. Nfd4 Bh4+ 25. g3 Be7 26. Ba3 Rh7 27. Bxe7 Nxe7 28. Nd6+ Kd8 29. 0-0 Rc7 30. Nxf7+ Kd7 31. d6 Nc6 32. e6+ Kc8 33. Nxc6 Rxc6 34. d7+ 1-0

[Event "CFriend CP-2005-P-00028"]
[Site "Chessfriend.com"]
[Date "2005.10.01"]
[Round "1"]
[White "Mason, Ian J"]
[Black "Wojohn, Tripp"]
[Result "1-0"]
[WhiteElo "2125"]
[BlackElo "800"]
[PlyCount "51"]
[EventDate "2005.??.??"]
[EventType "tourn (corr)"]
[EventRounds "4"]
[SourceTitle "Corr 2008"]
[Source "ChessBase"]
[SourceDate "2008.06.24"]
[SourceVersion "1"]
[SourceVersionDate "2008.06.24"]
[SourceQuality "1"]

1. d4 f6 2. e4 e6 3. Bd3 Ne7 4. Ne2 d6 5. 0-0 c6 6. Be3 e5 7. Nbc3 Nd7 8. f4 h5 9. a4 Qa5 10. Qb1 d5 11. fxe5 a6 12. exd5 Qb6 13. a5 Qd8 14. d6 f5 15. Qa2 Nf6 16. exf6 Nd5 17. Nxd5 gxf6 18. Nc7+ Qxc7 19. dxc7 Bd6 20. Rxf5 Rf8 21. Rxh5 Bxc7 22. Bg6+ Kd8 23. Qa3 Re8 24. Bxe8 Bxh2+ 25. Rxh2 c5 26. Rh8 1-0

[Event "CFriend CP-2005-P-00028"]
[Site "Chessfriend.com"]
[Date "2005.10.01"]
[Round "1"]
[White "Wojohn, Tripp"]
[Black "Prieto, Carlos"]
[Result "0-1"]
[WhiteElo "800"]
[BlackElo "1897"]
[PlyCount "60"]
[EventDate "2005.??.??"]
[EventType "tourn (corr)"]
[EventRounds "4"]
[SourceTitle "Corr 2008"]
[Source "ChessBase"]
[SourceDate "2008.06.24"]
[SourceVersion "1"]
[SourceVersionDate "2008.06.24"]
[SourceQuality "1"]

1. e4 c5 2. Nc3 Nc6 3. Nf3 d6 4. d4 cxd4 5. Nxd4 Nf6 6. Bb5 Bd7 7. Nxc6 bxc6 8. Be2 g6 9. 0-0 Bg7 10. Bf4 Qa5 11. a3 0-0 12. Qd2 Rfb8 13. Rfb1 a6 14. Bc4 Ng4 15. Bb3 Qh5 16. Re1 g5 17. Bg3 Ne5 18. Rab1 Rb7 19. Ne2 Rab8 20. Nd4 c5 21. Nf5 Bxf5 22. exf5 c4 23. Ba4 Rxb2 24. Rxb2 Rxb2 25. Qa5 Qg4 26. Qxa6 Qxf5 27. h3 h5 28. Bxe5 Bxe5 29. Qxc4 e6 30. Bb3 d5 0-1